000 03578cam0 2200625 ib4500
001 BY-MI0012-br121459
005 20251215145939.0
010 ^a5-85862-057-4
010 ^a5-85862-048-5
^bв переплете
^d1 р.
035 ^a(BY-MI0012)BY-MI0012-br121459
100 ^a20251215d1997 m y0rusy50 ca
101 0 ^arus
102 ^aRU
105 ^ay z 000zy
106 ^ar
^9kn
109 ^ama
200 1 ^aАлександр Пушкин
^eЖизнеописания, факты и гипотезы, портреты и документы в 30 книгах. Российские судьбы
^e[сборник]
^f[составитель Т. Т. Соколова]
210 ^aМосква
^cНоватор
^d1997
215 ^a478 c.
^d21 см
300 ^a850 - летию Москвы посвящается
345 ^a10 000 экз.
464 1 ^12001
^aНачало автобиографии
^fА. С. Пушкин
464 1 ^12001
^aАлександр Пушкин и его время
^fВ. Н. Иванов
464 1 ^12001
^aЗаписки о Пушкине
^fИ. И. Пущин
464 1 ^12001
^aДва письма С. Л. Пушкину, А. Х. Беккендорфу
^fВ. А. Жуковский
464 1 ^12001
^aПушкин в жизни. 1799-1837
^fИ. А. Ильин
464 1 ^12001
^aЖребий Пушкина
^fБулгаков С.,прот.
464 1 ^12001
^aПисьма (1819-1837). Стихотворения разных лет
^fА. С. Пушкин
600 1 ^aПушкин
^bА. А.
^gАлександр Александрович
^cписатель
^fрод. 1957
^3BY-SEK-ar10591092
^2BY-auth
606 ^aРУСКАЯ ЛІТАРАТУРА
^3BY-NLB-ar28703
^2DVNLB
606 ^aРУССКАЯ ЛИТЕРАТУРА
^3BY-NLB-ar28702
^2DVNLB
606 ^aЛІТАРАТУРАЗНАЎСТВА
^3BY-NLB-ar16409
^2DVNLB
606 ^aЛИТЕРАТУРОВЕДЕНИЕ
^3BY-NLB-ar16408
^2DVNLB
608 ^aЭПІСТАЛЯРНАЯ ЛІТАРАТУРА (тэксты)
^3BY-NLB-ar49376
^2BYGNR
608 ^aЭПИСТОЛЯРНАЯ ЛИТЕРАТУРА (тексты)
^3BY-NLB-ar49375
^2BYGNR
686 ^a83.3(2=411.2)1
^2rubbk
690 ^a1
^2Base
^9BY-MI0012
^xRSEK
701 1 ^aПушкин
^bА. А.
^gАлександр Александрович
^cписатель
^fрод. 1957
^3BY-SEK-ar10591092
701 1 ^aИванов
^bВ. Н.
^3BY-SEK-135056
701 1 ^aЖуковский
^bВ. А.
^3BY-SEK-ar14080553
701 1 ^aИльин
^bИ. А.
^3BY-CNB-ar832852
701 1 ^aБулгаков
^bС. В.
^gСергей Васильевич
^cбогослов
^cписатель
^f1859—1932
^3BY-SEK-ar11951234
702 1 ^aСоколов
^bТ. А.
^4220
801 0 ^aBY
^bBY-MI0012
^c20251215
^gRCR
899 0 ^aBY-MI0012
^iп 91
^h83.3(2=411.2)1